| Поле | Название | Значение |
| |
Тип записи |
a |
| |
Библиографический уровень |
m |
| 001 |
Контрольный номер |
c5fa022f730845a4883a49b62143f4b7 |
| 005 |
Дата корректировки |
20140724163914.8 |
| 010 |
Индекс ISBN |
__ |
| a |
ISBN |
5-8316-0044-0 |
| 200 |
Заглавие и сведения об ответственности |
1_ |
| a |
Заглавие |
Теневая экономика |
| e |
Сведения, относящиеся к заглавию |
Учеб. пособие |
| f |
Первые сведения об ответственности |
Федер.служба налог.полиции РФ. Акад.налог.полиции |
| 210 |
Выходные данные |
1_ |
| a |
Место издания |
М. |
| c |
Издательство |
Издат.Дом"Дашков и К'" |
| d |
Дата издания |
2000 |
| 215 |
Физическое описание |
__ |
| a |
Объем |
151 с. |
| 225 |
Серия |
2_ |
| a |
Серия |
Библиотека налогового полицейского |
| 610 |
Ключевые слова |
0_ |
| a |
Ключевые слова |
рыночная экономика |
| 610 |
Ключевые слова |
0_ |
| a |
Ключевые слова |
теневая экономика |
| 610 |
Ключевые слова |
0_ |
| a |
Ключевые слова |
налоговые правонарушения |
| 610 |
Ключевые слова |
0_ |
| a |
Ключевые слова |
экономическая преступность |
| 686 |
Индексы других классификаций |
__ |
| a |
Классификационный индекс |
65.9(2) |
| 2 |
Код системы |
rubbk |
| 686 |
Индексы других классификаций |
__ |
| a |
Классификационный индекс |
65.9(2)-98 |
| 2 |
Код системы |
rubbk |
| 700 |
Автор |
_1 |
| a |
Фамилия |
Шестаков А.В. |
| 801 |
Источник записи |
_0 |
| a |
Страна |
RU |
| b |
Организация |
РУК |
| c |
Дата составления |
20010606 |
| g |
Правила каталогизации |
PSBO |
| 801 |
Источник записи |
_1 |
| a |
Страна |
RU |
| b |
Организация |
РУК |
| c |
Дата составления |
20010606 |
| g |
Правила каталогизации |
PSBO |
| 852 |
Данные о местонахождении |
__ |
| i |
Авторский знак |
Ш51 |
| j |
Шифр хранения |
ББК 65.9(2) |
| 901 |
Тип документа |
__ |
| t |
Тип документа |
m |
| 938 |
Служебная информация |
__ |
| a |
Название организации |
Головной вуз |
| b |
Имя БД |
BOOK |
| c |
Название АИБС |
АИБС ИРБИС |